000 00425nam a2200145Ia 4500
008 231129s1995||||xx |||||||||||||| ||spa||
020 _a958-04-1267-7
040 _bspa
082 _a(i) 808.068543 K93L
100 _aKropp Paul
245 0 _aEl lunatico y su hermana libertad Paul Kropp; traduccion de Maria del Mar Ravassa
260 _c1995
264 _aNorma
942 _2ddc
_cBKS
999 _c11598
_d11598